Statistics for Guess the French Country by their Flag

Click here to take the quiz!

General Stats

  • This quiz has been taken 16 times
    (14 since last reset)
  • The average score is 5 of 12

Answer Stats

Answer% Correct
La Belgique
67%
La France
67%
L'Algerie
67%
La Suisse
67%
Le Canada
56%
Le Haiti
44%
Le Quebec
44%
Le Tchad
33%
La Guinee
22%
Le Mali
22%
Le Rwanda
22%
Le Senegal
22%

Score Distribution

Percentile by Number Answered

Percent of People with Each Score

Your Score History

You have not taken this quiz since the last reset